امیر خسرو کا ہندوی کلام / (Record no. 173574)

MARC details
000 -LEADER
fixed length control field 00666nam a22001937a 4500
005 - DATE AND TIME OF LATEST TRANSACTION
control field 20200303105616.0
010 ## - LCCN (DPL NO)
LC control number B-29424
020 ## - INTERNATIONAL STANDARD BOOK NUMBER
Terms of availability 175.00
International Standard Book Number 8185360839
035 ## - SYSTEM CONTROL NUMBER
System control number B-29424
037 ## - SOURCE OF ACQUISITION
Source of stock number/acquisition BPPD/Pub.
082 ## - DEWEY DECIMAL CLASSIFICATION NUMBER
Classification number 821.08
100 ## - MAIN ENTRY--PERSONAL NAME
Personal name نارنگ، گوپی چند
245 ## - TITLE STATEMENT
Title امیر خسرو کا ہندوی کلام /
Statement of responsibility, etc گوپی چند نارنگ
246 ## - VARYING FORM OF TITLE
Title proper/short title Amir Khusrau Ka Hindavi Kalaam /
Remainder of title by Gopi Chand Kalaam
260 ## - PUBLICATION, DISTRIBUTION, ETC. (IMPRINT)
Place of publication, distribution, etc Delhi
Name of publisher, distributor, etc Educational Publishing House
Date of publication, distribution, etc 2000 ء
270 ## - ADDRESS
Address 3108, Gali Azizuddin Vakil, Kucha Pandit, Lal Kuan
City Delhi
Postal code 110006
300 ## - PHYSICAL DESCRIPTION
Extent 239p.
Dimensions 22cm(Hb)
942 ## - ADDED ENTRY ELEMENTS (KOHA)
Source of classification or shelving scheme Dewey Decimal Classification
Item type Urdu Bks
Classification part 821.08
Call number suffix ا م ی
Holdings
Withdrawn status Lost status Not for loan Collection code Home library Current library Date acquired Source of acquisition Cost, normal purchase price Full call number Barcode Copy number Cost, replacement price Koha item type
      Non-fiction Central Library Central Library 03/03/2020 BPPD/Ven. 175.00 821.08 ا م ی B-29424 1 175.00 Urdu Bks

© Delhi Public Library
Hit Counter
free hit counter